212 - Azealia Banks - Statistics

General Stats
  • This quiz has been taken 12 times
  • The average score is 19 of 88
Answer Stats
Answer % Correct
Hey I can be the answer
100%
Im ready to dance when the vamp up
70%
And when I hit that dip get your camera
60%
Now she wanna lick my plum in the evenin
40%
The bitch who wants to compete and
40%
This shit been mine mine
30%
I guess that cunt getting eaten
30%
Kick it with your bitch who come from Parisian
30%
Nigga you know whats up
30%
On the uptown A
30%
Or dont you
30%
What are you into
30%
Whats the run dude
30%
Whats your dick like homie
30%
What you gon do when I appear
30%
Word to who made ya
30%
And that I am that young sis the beacon
20%
Betcha you wont do much
20%
Bet his bitch wont get him
20%
Bet you do want to fuck
20%
Bitch Im bout to blew up too
20%
Bitch Im in the 212
20%
Caught the warm goo
20%
Cock a lickin in the water by the blue bayou
20%
Cock the gun too
20%
Bitch the end of your lives are near
20%
Im a ruin you cunt
20%
When I premiere
20%
Fuck are you into huh
20%
Fuck him like you do want to cum
20%
Fuck ya gon do
20%
Fuck ya gon do
20%
I could bust your 8
20%
If you do want to put your guns up
20%
I just wanna sip that punch with your peeps and
20%
Im a do one too
20%
Im a eat your food up boo
20%
Im a hoodlum nigga
20%
Im a look right nigga
20%
Im a rude bitch nigga
20%
Im a ruin you cunt
20%
Im fuckin with ya cutie q
20%
Im the new shit boo
20%
In your du rag too son
20%
Its the 2 1 zoo
20%
I was in the 212
20%
Niggas better oooh run run
20%
Nigga youre a kool aid dude
20%
Plus your bitch might lick it
20%
See even if you do want to bust
20%
See I remember you when you were
20%
She know where I get mine from and the season
20%
Sit in that lunch if youre treatin
20%
Tell your bitch keep hatin
20%
Tell your crew dont front
20%
What are you made up of
20%
When ya goon sprayed up
20%
When you do make bucks
20%
Where you do eat poom hun
20%
With the fif cocked nigga
20%
With your doo doo crew son
20%
Wonder who let you come to 1 2
20%
You could get shot homie
20%
You could see I been that bitch since the Pamper
20%
You know you were too once
20%
Your bitchll get you cut and touch your crew up too Pop
20%
And fit that ton tongue d deep in
10%
A yo A yo
10%
And wont nobody be to blame but yourself yeah
10%
I heard you ridin with the same tall tall tale
10%
Sayin you grindin but you aint goin nowhere
10%
Tellin em you made some
10%
Theyll forget your name soon
10%
You got a lot but you just waste all yours and
10%
I can freak a fit that pump with the peep and
10%
Im the new one two huh
10%
Im the one today
10%
Like your boo wont true
10%
Now your boo up too hun
10%
Slumber dont you
10%
The young new face but you do like to
10%
Where do you wake up
10%
Who are you bitch new lunch
10%
Why procrastinate girl
10%
You know what your bitch become when her weave in
10%
You playing with your butter
10%
Youre gay to get discovered in my 2 1 deuce
10%
Yung Rapunzel
10%
No matching quizzes found
Score Distribution
Percent of People with Each Score
Percentile by Number Answered
Your Score History
You have not taken this quiz